000 00522nam a2200193Ia 4500
003 OSt
005 20250702104827.0
008 210210b1991 xxu||||| |||| 00| 0 eng d
040 _cAL
041 _aKannada
082 _aK894.2 KAVK
100 _aKAVYAJIVI
_dಕಾವ್ಯಜೀವಿ
_9216840
245 _aKaigombeya dange
_b ಕೈಗೊಂಬೆಯ ದಂಗೆ
260 _aBengaluru
_bSuvidya Prakashana
_c1991
300 _aviii,80
690 _aKannada Drama
_9216841
906 _a045369
942 _2ddc
_cBK
999 _c94991
_d94991